000 00351nam a2200133 4500
005 20260530115311.0
100 1 _aRuedi Baur
_932801
245 1 0 _aIntegral Ruedi Baur Signage Design
264 1 _bLars Müller Publishers
_c2010
300 _a416 páginas
336 _atexto
_2rdacontent
337 _asin medio
_2rdamedia
338 _avolumen
_2rdacarrier
999 _c13349
_d13349